How to research (Record no. 103796)

MARC details
000 -LEADER
fixed length control field 01040cam a2200277 4500
008 - FIXED-LENGTH DATA ELEMENTS--GENERAL INFORMATION
fixed length control field 040922n2003 000 0 eng u
020 ## - INTERNATIONAL STANDARD BOOK NUMBER
International Standard Book Number 0335209033
035 ## - SYSTEM CONTROL NUMBER
System control number (Sirsi) u127484
041 ## - LANGUAGE CODE
Language code of text/sound track or separate title eng
050 ## - LIBRARY OF CONGRESS CALL NUMBER
Classification number 001.43
-- 18
100 ## - MAIN ENTRY--PERSONAL NAME
Personal name Blaxter, Loraine
245 ## - TITLE STATEMENT
Title How to research
250 ## - EDITION STATEMENT
Edition statement 2nd ed.
260 ## - PUBLICATION, DISTRIBUTION, ETC.
Place of publication, distribution, etc. Maidenhead
Name of publisher, distributor, etc. Open University Press
Date of publication, distribution, etc. 2003
300 ## - PHYSICAL DESCRIPTION
Extent xiii, 286p.
Dimensions 23cm.
350 ## - PRICE (NR) (BK AM CF MU VM SE) [OBSOLETE]
Price 17.99
520 ## - SUMMARY, ETC.
Summary, etc. Examines the practice and experience of doing research in the social sciences and related subjects. Contains sections on choosing the appropriate method, internet research, and searching the Internet. Whilst aimed at undergraduate and postgraduate students, is also of use to those carrying out research as part of a workplace assignment.
650 ## - SUBJECT ADDED ENTRY--TOPICAL TERM
Topical term or geographic name entry element RESEARCH METHODOLOGY
650 ## - SUBJECT ADDED ENTRY--TOPICAL TERM
Topical term or geographic name entry element RESEARCH METHODS
650 ## - SUBJECT ADDED ENTRY--TOPICAL TERM
Topical term or geographic name entry element RESEARCH PROJECT
650 ## - SUBJECT ADDED ENTRY--TOPICAL TERM
Topical term or geographic name entry element RESEARCH REPORTS
690 ## - LOCAL SUBJECT ADDED ENTRY--TOPICAL TERM (OCLC, RLIN)
Topical term or geographic name as entry element CAREERS, EDUCATION AND TRAINING
700 ## - ADDED ENTRY--PERSONAL NAME
Personal name Hughes, Christina
700 ## - ADDED ENTRY--PERSONAL NAME
Personal name Tight, Malcolm
942 ## - ADDED ENTRY ELEMENTS (KOHA)
Suppress in OPAC 0
Holdings
Withdrawn status Lost status Source of classification or shelving scheme Damaged status Not for loan Home library Current library Shelving location Date acquired Cost, normal purchase price Total Checkouts Full call number Barcode Date last seen Date last checked out Copy number Cost, replacement price Price effective from Koha item type
    Other/Generic Classification Scheme     London London Books 11/10/2004 17.99 16 001.43BLA 30069566 06/08/2019 11/11/2009 1 17.99 06/08/2019 Book